000 00702nam a2200241Ia 4500
003 OSt
005 20221007110159.0
006 a|||||r|||| 00| 0
007 ta
008 221006b |||||||| |||| 00| 0 eng d
024 _a20,548
037 _cTextual
040 _aLCO
_cLCO
_beng
041 _2eng
_aeng
082 _aZ1,6p1,N78, L8
100 _aUlrich Hans Ed.
_9707181
245 0 _aNetherlands Reports to the Tenth International Congress of Comparative Law Budapaste 1978
260 _aLondon
_bKluwer-Deventer UK
_c1978
300 _a365
650 _aCOMPARATIVE LAW
_9681818
942 _hZ1,6p1,N78, L8
_cTEXL
999 _c1190111
_d1190111